[Event "Oberliga Ost-B 0203"]
[Site "?"]
[Date "2002.11.16"]
[Round "2.1"]
[White "Staller Peter"]
[Black "Grabarczyk Miroslaw"]
[Result "1/2-1/2"]
[WhiteElo "2331"]
[BlackElo "2514"]
[PlyCount "64"]
[EventDate "2002.??.??"]
[Source "www.chesslib.no"]
[SourceDate "2004.05.04"]

1. e4 e5 2. Nf3 Nc6 3. Bb5 Nf6 4. d3 d6 5. c3 a6 6. Ba4 g6 7. Nbd2 Bg7 8. Nf1 O-O 9. Ng3 Nb8 10. O-O Nbd7 11. d4 b5 12. Bc2 Bb7 13. Re1 Re8 14. Bg5 h6 15. Bxf6 Qxf6 16. a4 c6 17. Nf1 Nf8 18. Ne3 exd4 19. Nxd4 Ne6 20. Nxe6 Qxe6 21. Qd3 h5 22. Rad1 Rad8 23. f3 Qe5 24. axb5 axb5 25. Bb3 Bh6 26. Qd4 Qc5 27. Qxc5 dxc5 28. Kf2 Kf8 29. Rxd8 Rxd8 30. Rd1 Rxd1 31. Bxd1 c4 32. g3 Bg5 1/2-1/2

[Event "Ch City"]
[Site "Voronezh (Russia)"]
[Date "2007.12.05"]
[Round "2"]
[White "Rodin Dmitrij (RUS)"]
[Black "Provotorov Ivan (RUS)"]
[Result "0-1"]
[WhiteElo "2442"]
[BlackElo "2401"]
[PlyCount "90"]
[EventDate "2007.??.??"]
[Source "www.chesslib.no"]
[SourceDate "2004.05.04"]

1. e4 e5 2. Nf3 Nc6 3. Bb5 a6 4. Ba4 Nf6 5. d4 Nxd4 6. Nxd4 exd4 7. O-O b5 8. e5 bxa4 9. exf6 Qxf6 10. c3 Be7 11. cxd4 O-O 12. Nc3 Bb7 13. Qxa4 Bd6 14. d5 Qe5 15. g3 Qf5 16. Bf4 Bxf4 17. Qxf4 Qxf4 18. gxf4 Rfe8 19. Rfe1 d6 20. Re3 Kf8 21. Rd1 Rad8 22. Ne4 Re7 23. Kg2 c6 24. Nc3 cxd5 25. Kf1 Rc7 26. Nxd5 Rc5 27. Red3 a5 28. Rd4 Re8 29. Nc3 Rh5 30. f3 Rxh2 31. R1d2 Rh3 32. Rxd6 Rxf3+ 33. Rf2 Rfe3 34. Re2 Rxe2 35. Nxe2 Re6 36. Rxe6 fxe6 37. Nd4 Ke7 38. Kf2 Bd5 39. b3 Kf6 40. a3 e5 41. fxe5+ Kxe5 42. Ke3 h5 43. b4 axb4 44. axb4 h4 45. Ne2 h3 0-1

[Event "URS-ch U26"]
[Site "Vilnius"]
[Date "1978.??.??"]
[Round "1"]
[White "Ivanov, Alexander"]
[Black "Vladimirov, Evgeny"]
[Result "1-0"]
[WhiteElo "2395"]
[BlackElo "2445"]
[PlyCount "62"]
[EventDate "1978.??.??"]
[Source "ChessBase"]

1. e4 e5 2. Nf3 Nc6 3. Bb5 Nf6 4. d3 d6 5. c3 a6 6. Ba4 g6 7. Bg5 h6 8. Bh4 g5 9. Bg3 h5 10. h4 g4 11. Nfd2 Bh6 12. Bxc6+ bxc6 13. d4 exd4 14. cxd4 Ng8 15. Nc3 f5 16. Ne2 fxe4 17. Nxe4 Bf5 18. Ng5 Ne7 19. Nf4 Bxg5 20. hxg5 Ng6 21. d5 Qxg5 22. Qd4 c5 23. Qa4+ Kf7 24. O-O Rhe8 25. f3 gxf3 26. Rxf3 Ne5 27. Rf2 Kg7 28. Bh4 Qg4 29. Raf1 Rf8 30. Bg3 Rae8 31. Kh2 h4 1-0

[Event "Kiev"]
[Site "Kiev"]
[Date "1989.??.??"]
[Round "?"]
[White "Malaniuk, Vladimir P"]
[Black "Zilberstein, David"]
[Result "1/2-1/2"]
[WhiteElo "2560"]
[BlackElo "2275"]
[PlyCount "32"]
[EventDate "1989.??.??"]
[Source "ChessBase"]

1. e4 e5 2. Nf3 Nc6 3. Bb5 a6 4. Ba4 Nf6 5. d4 exd4 6. e5 Ne4 7. Nxd4 Nxd4 8. Qxd4 Nc5 9. Nc3 Nxa4 10. Qxa4 b6 11. O-O Bb7 12. Re1 Qe7 13. Qc4 Qc5 14. Qxc5 Bxc5 15. Bg5 h6 16. Bh4 g5 1/2-1/2

[Event "EUCup 5th (Women)"]
[Site "Halle"]
[Date "2000.09.26"]
[Round "3"]
[White "Hunt, Harriet"]
[Black "Zayac, Elena"]
[Result "1-0"]
[WhiteElo "2454"]
[BlackElo "2378"]
[PlyCount "53"]
[EventDate "2000.09.24"]
[Source "ChessBase"]
[SourceDate "2000.11.10"]

1. e4 e5 2. Nf3 Nc6 3. Bb5 Nf6 4. d3 d6 5. c3 a6 6. Ba4 g6 7. O-O Bg7 8. Re1 O-O 9. Nbd2 Nd7 10. Nf1 Nc5 11. Bc2 Ne6 12. Ne3 Kh8 13. Rb1 a5 14. a3 Ne7 15. d4 c5 16. dxe5 dxe5 17. Qxd8 Nxd8 18. Nc4 Ndc6 19. Be3 Be6 20. Nb6 Nd4 21. cxd4 cxd4 22. Bg5 Rae8 23. Ba4 Nc6 24. Rbc1 f5 25. Bd2 fxe4 26. Ng5 Bh6 27. Nxe4 1-0

[Event "CRO-Cup"]
[Site "Pula"]
[Date "1997.??.??"]
[Round "?"]
[White "Leventic, Ivan"]
[Black "Franic, Milan"]
[Result "0-1"]
[WhiteElo "2400"]
[BlackElo "2410"]
[PlyCount "140"]
[EventDate "1997.??.??"]
[Source "www.chesslib.no"]
[SourceDate "2004.05.04"]

1. e4 e5 2. Nf3 Nc6 3. Bb5 a6 4. Ba4 Nf6 5. d4 exd4 6. e5 Ne4 7. O-O Nc5 8. Bxc6 dxc6 9. Nxd4 Be7 10. Nc3 O-O 11. Be3 f6 12. Qe2 Qe8 13. f4 fxe5 14. fxe5 Qg6 15. Rxf8+ Bxf8 16. Rf1 Bg4 17. Qc4+ Ne6 18. Kh1 Kh8 19. h3 Nxd4 20. Qxd4 Be6 21. Qe4 Qh5 22. Kh2 Re8 23. g4 Qh4 24. Qf4 Kg8 25. Ne4 Qd8 26. Bc5 Be7 27. b3 Rf8 28. Qxf8+ Bxf8 29. Rxf8+ Qxf8 30. Bxf8 Kxf8 31. Kg3 b6 32. Kf4 h6 33. h4 Kf7 34. h5 a5 35. a4 Bd5 36. c4 Be6 37. Nc3 Ke7 38. Kf3 Bf7 39. Kf4 g6 40. hxg6 Bxg6 41. Ne2 c5 42. Ng3 Bc2 43. Nf5+ Ke6 44. Nxh6 Bxb3 45. g5 Bc2 46. Ng4 Kf7 47. Nf6 Bxa4 48. Ke3 Bc2 49. Kd2 Bf5 50. Nd5 Be6 51. Kc3 b5 52. Nxc7 Bxc4 53. Na6 Ke6 54. Nxc5+ Kd5 55. Na4 b4+ 56. Kb2 Kxe5 57. Nc3 Kf5 58. Nd1 Kxg5 59. Kc2 a4 60. Nb2 Bb5 61. Nd1 Bc4 62. Ne3 Bb3+ 63. Kb2 Kf4 64. Ng2+ Ke4 65. Ne1 Ke3 66. Ng2+ Kd2 67. Nh4 Bd5 68. Nf5 a3+ 69. Ka1 b3 70. Nd6 Kc2 0-1

[Event "Budapest FS11 GM"]
[Site "Budapest"]
[Date "1996.??.??"]
[Round "4"]
[White "Cao Sang"]
[Black "Estrada Nieto, Julian"]
[Result "1-0"]
[WhiteElo "2445"]
[BlackElo "2360"]
[PlyCount "107"]
[EventDate "1996.11.??"]
[Source "www.chesslib.no"]
[SourceDate "2004.05.04"]

1. e4 e5 2. Nf3 Nc6 3. Bb5 a6 4. Ba4 Nf6 5. d4 exd4 6. Qe2 Be7 7. e5 Nd5 8. O-O O-O 9. Rd1 Nb6 10. Bxc6 dxc6 11. Nxd4 Qe8 12. Nc3 c5 13. Nf3 Bf5 14. a4 Rd8 15. a5 Rxd1+ 16. Qxd1 Nd7 17. Nd5 Bd8 18. Bf4 Be4 19. Nc3 Bc6 20. Qd3 Qe6 21. Re1 Bxf3 22. Qxf3 c6 23. Ne4 Bxa5 24. Ng5 Qg6 25. Re2 h6 26. Ne4 Bc7 27. h3 Re8 28. e6 Ne5 29. Bxe5 Bxe5 30. Nxc5 Bd6 31. exf7+ Qxf7 32. Qxf7+ Kxf7 33. Rxe8 Kxe8 34. Nxb7 Be5 35. b3 Bd4 36. Nd6+ Kd7 37. Nf5 Bf6 38. Kf1 Ke6 39. Ne3 Kd6 40. Ke2 Kc5 41. Kd3 Kb4 42. f4 a5 43. Ng4 Bb2 44. Ne5 c5 45. Nc4 Bf6 46. Ne3 Ba1 47. Nd5+ Kb5 48. c4+ Ka6 49. Ke4 a4 50. bxa4 Ka5 51. Nc7 Kxa4 52. Kd5 Bd4 53. Ne6 Be3 54. f5 1-0

[Event "Svendborg"]
[Site "Svendborg"]
[Date "1981.??.??"]
[Round "3"]
[White "Poulsen, Allan"]
[Black "Iskov, Gert"]
[Result "1/2-1/2"]
[WhiteElo "2380"]
[BlackElo "2420"]
[PlyCount "68"]
[EventDate "1981.07.??"]
[Source "ChessBase"]

1. e4 e5 2. Nf3 Nc6 3. Bb5 a6 4. Ba4 Nf6 5. d4 Nxd4 6. Nxd4 exd4 7. e5 Ne4 8. Qxd4 Nc5 9. O-O Be7 10. Nc3 O-O 11. Be3 Nxa4 12. Qxa4 d5 13. exd6 Qxd6 14. Bf4 Qc5 15. Rae1 Be6 16. Re5 Qb6 17. Nd5 Bxd5 18. Rxd5 Qxb2 19. Bxc7 Qf6 20. Qd7 Rac8 21. Re1 Bb4 22. Red1 Qe7 23. Qxe7 Bxe7 24. Rd7 Bc5 25. Kf1 Rfe8 26. Rd8 Rexd8 27. Rxd8+ Rxd8 28. Bxd8 Kf8 29. Ke2 Ke8 30. Bh4 Kd7 31. Kd3 Kc6 32. c4 Bd6 33. h3 Kc5 34. Bg5 Be5 1/2-1/2

[Event "It (open) \"]
[Site "Mielno (Poland)"]
[Date "2007.06.18"]
[Round "1"]
[White "Mickiewicz Piotr (POL)"]
[Black "Malaniuk Vladimir P (UKR)"]
[Result "0-1"]
[WhiteElo "2271"]
[BlackElo "2529"]
[PlyCount "112"]
[EventDate "2007.??.??"]
[Source "www.chesslib.no"]
[SourceDate "2004.05.04"]

1. e4 e5 2. Nf3 Nc6 3. Bb5 a6 4. Ba4 Nf6 5. O-O d6 6. Re1 g6 7. c3 Bg7 8. d3 O-O 9. Nbd2 Re8 10. Nf1 b5 11. Bc2 d5 12. Bg5 d4 13. cxd4 Nxd4 14. Nxd4 Qxd4 15. Bb3 Be6 16. Rc1 Qxb2 17. Rxc7 Bxb3 18. Qxb3 Qxb3 19. axb3 Rec8 20. Rxc8+ Rxc8 21. Rc1 Rxc1 22. Bxc1 a5 23. Ne3 Bh6 24. Bb2 Bxe3 25. fxe3 Nd7 26. Kf1 Nc5 27. Bxe5 Nxd3 28. Bc7 a4 29. bxa4 bxa4 30. Bd6 f6 31. Ke2 Nb2 32. Bc5 Kf7 33. Kd2 Ke6 34. Kc2 Nc4 35. Kc3 Nd6 36. Kd3 h5 37. h3 g5 38. Bb4 Nf7 39. Kd4 Ne5 40. Ba3 Ng6 41. g3 Ne5 42. Bb2 Nf3+ 43. Kd3 Ng1 44. e5 fxe5 45. g4 hxg4 46. hxg4 Nf3 47. Ke4 Nh2 48. Bxe5 Nxg4 49. Bb2 Nf6+ 50. Kd4 Kf5 51. e4+ Nxe4 52. Kc4 g4 53. Kb4 g3 54. Bd4 Nf2 55. Kxa4 Ke4 56. Bb6 Kf3 0-1

[Event "Guarapuava Open"]
[Site "Guarapuava BRA"]
[Date "1992.??.??"]
[Round "?"]
[White "Zapata, Alonso"]
[Black "Asfora, Marco A H"]
[Result "1-0"]
[WhiteElo "2530"]
[BlackElo "2270"]
[PlyCount "57"]
[EventDate "1992.07.??"]
[Source "www.chesslib.no"]
[SourceDate "2004.05.04"]

1. e4 e5 2. Nf3 Nc6 3. Bb5 a6 4. Ba4 Nf6 5. d4 Nxe4 6. Qe2 b5 7. d5 Nc5 8. dxc6 bxa4 9. Nxe5 Qe7 10. cxd7+ Nxd7 11. Bf4 Nxe5 12. Bxe5 f6 13. Bxc7 Qxe2+ 14. Kxe2 Bb7 15. Nc3 Rc8 16. Ba5 a3 17. bxa3 Bxg2 18. Rhg1 Bh3 19. Rab1 Bf5 20. Rb7 Bg6 21. Rg3 Bc5 22. Rxg7 Bd6 23. Re3+ Kf8 24. Rd7 Bxh2 25. Bb4+ Kg8 26. Nd5 Rxc2+ 27. Kd1 Rxf2 28. Ne7+ Kg7 29. Nf5+ 1-0

[Event "HUN-ch KO"]
[Site "Budapest"]
[Date "2000.08.31"]
[Round "2.2"]
[White "Bokros, Albert"]
[Black "Nemeth, Zoltan"]
[Result "1-0"]
[WhiteElo "2479"]
[BlackElo "2308"]
[PlyCount "43"]
[EventDate "2000.08.28"]
[Source "www.chesslib.no"]
[SourceDate "2004.05.04"]

1. e4 e5 2. Nf3 Nc6 3. Bb5 a6 4. Ba4 Nf6 5. d4 Nxe4 6. Qe2 Nd6 7. dxe5 Nf5 8. Qe4 g6 9. Nc3 Be7 10. g4 Nh4 11. Nxh4 Bxh4 12. Be3 b5 13. Bb3 Bb7 14. O-O-O Na5 15. Bd5 c6 16. Bxf7+ Kxf7 17. e6+ dxe6 18. Rxd8 Bxd8 19. Qf4+ Ke8 20. Bc5 Nc4 21. Rd1 e5 22. Qh6 1-0

[Event "Mind Sports Games - Blitz Pair KO"]
[Site "Pechino CINA"]
[Date "2008.10.09"]
[Round "2.2"]
[White "Fierro Baquero, M."]
[Black "Sachdev, T."]
[Result "1-0"]
[WhiteElo "2361"]
[BlackElo "2425"]
[PlyCount "123"]
[EventDate "2008.10.08"]
[Source "www.chesslib.no"]
[SourceDate "2004.05.04"]

1. e4 e5 2. Nf3 Nc6 3. Bb5 a6 4. Ba4 Nf6 5. d4 b5 6. Bb3 Nxe4 7. dxe5 Nc5 8. Bd5 Be7 9. O-O O-O 10. Re1 Bb7 11. Nc3 Ne6 12. Ne4 Na5 13. Bxb7 Nxb7 14. Be3 d6 15. Qd5 Qc8 16. Rad1 c6 17. Qd3 d5 18. Ng3 Nbc5 19. Qf5 g6 20. Qg4 Ng7 21. Qxc8 Rfxc8 22. Nd4 Nce6 23. c3 c5 24. Nde2 Rd8 25. Rd2 Rd7 26. Red1 Rad8 27. a3 a5 28. h3 h5 29. Nf4 Nxf4 30. Bxf4 Ne6 31. Ne2 a4 32. Be3 Nc7 33. Nf4 Kg7 34. h4 Kh7 35. g3 Kg7 36. Kg2 Kh7 37. Kg1 Kg7 38. Kg2 Kh7 39. Rd3 Kg7 40. R3d2 Kh7 41. Nh3 Ne6 42. f3 Kg7 43. Ng1 Kh7 44. Ne2 Kg7 45. f4 Kh7 46. Kf3 Ng7 47. Nc1 Ne6 48. Bf2 Kg7 49. Nd3 Kh7 50. Ne1 Ng7 51. Ng2 Nf5 52. Bg1 Kg7 53. Ne1 Kh7 54. Nd3 Rc8 55. Nc1 Rcd8 56. Bf2 Kg7 57. Nd3 Rc8 58. Re1 Kg8 59. e6 fxe6 60. Rxe6 Kg7 61. Rxg6+ Kxg6 62. Ne5+ 1-0

[Event "City"]
[Site "Matanzas City CUB"]
[Date "1994.??.??"]
[Round "9"]
[White "Galego, Luis"]
[Black "Fuentes, Luis"]
[Result "1-0"]
[WhiteElo "2390"]
[BlackElo "2395"]
[PlyCount "47"]
[EventDate "1994.??.??"]
[Source "www.chesslib.no"]
[SourceDate "2004.05.04"]

1. e4 e5 2. Nf3 Nc6 3. Bb5 Nf6 4. O-O a6 5. Bxc6 dxc6 6. Nxe5 Bc5 7. d3 Qe7 8. Nf3 Bg4 9. Be3 O-O-O 10. Nbd2 Bd6 11. Qe1 Rhe8 12. h3 Bh5 13. Nd4 Be5 14. Nf5 Qd7 15. Nc4 Kb8 16. Qa5 Nd5 17. Nxe5 Rxe5 18. Ng3 b6 19. Qd2 Nxe3 20. Qxe3 g6 21. f4 Rb5 22. b3 Rc5 23. Rf2 a5 24. e5 1-0

[Event "ROM-chT"]
[Site "Sovata"]
[Date "1999.04.18"]
[Round "3"]
[White "Zatonskih, Anna"]
[Black "Zhukova, Natalia"]
[Result "1-0"]
[WhiteElo "2326"]
[BlackElo "2456"]
[PlyCount "149"]
[EventDate "1999.04.16"]
[Source "www.chesslib.no"]
[SourceDate "2004.05.04"]

1. e4 e5 2. Nf3 Nc6 3. Bb5 a6 4. Ba4 Nf6 5. d4 Nxd4 6. Nxd4 exd4 7. e5 Ne4 8. Qxd4 Nc5 9. Nc3 c6 10. O-O Ne6 11. Qe4 Be7 12. Rd1 O-O 13. Bb3 Nc5 14. Qd4 Nxb3 15. axb3 f6 16. f4 fxe5 17. fxe5 Qe8 18. Bf4 Qg6 19. Rf1 Qxc2 20. Qc4+ Kh8 21. Bg5 Rxf1+ 22. Rxf1 d5 23. Bxe7 Be6 24. Qb4 Rg8 25. Qxb7 d4 26. Qxc6 Bxb3 27. Bb4 dxc3 28. Bxc3 Qd3 29. Re1 Bd5 30. Qd7 Be4 31. e6 Qc2 32. Bxg7+ Rxg7 33. Qd8+ Rg8 34. Qd4+ Rg7 35. Qxe4 Qxe4 36. Rxe4 Re7 37. Kf2 Kg7 38. Ke3 Kf8 39. Kd4 Rb7 40. e7+ Ke8 41. Re2 Rb5 42. Kc4 Rh5 43. h3 Rg5 44. Kd4 Rb5 45. Kc3 Rg5 46. Kd2 Rb5 47. Ke1 Rb3 48. Kf1 a5 49. Kg1 a4 50. Kh2 Rb4 51. Kg3 Rc4 52. Kf3 Rb4 53. g3 Rb6 54. Re4 Rxb2 55. Rxa4 Rb7 56. Re4 Rb6 57. Re3 Rb4 58. h4 Ra4 59. Re6 Ra3+ 60. Kg4 h5+ 61. Kf4 Ra1 62. Re3 Ra4+ 63. Kg5 Ra5+ 64. Kg6 Rb5 65. Rf3 Kxe7 66. Rf5 Rb3 67. Rg5 Rb6+ 68. Kxh5 Kf7 69. Ra5 Rb7 70. g4 Kg7 71. g5 Rc7 72. g6 Rc1 73. Ra7+ Kf6 74. Rf7+ Ke6 75. Rf2 1-0

[Event "Porabka"]
[Site "Porabka"]
[Date "1986.??.??"]
[Round "9"]
[White "Bielczyk, Jacek"]
[Black "Panczyk, Krzysztof"]
[Result "1/2-1/2"]
[WhiteElo "2390"]
[BlackElo "2375"]
[PlyCount "30"]
[EventDate "1986.04.??"]
[Source "www.chesslib.no"]
[SourceDate "2004.05.04"]

1. e4 e5 2. Nf3 Nc6 3. Bb5 a6 4. Ba4 Nf6 5. d4 Nxd4 6. Nxd4 exd4 7. e5 Ne4 8. Qxd4 Nc5 9. Nc3 c6 10. O-O Nxa4 11. Nxa4 d5 12. exd6 Qxd6 13. Qxd6 Bxd6 14. Nb6 Rb8 15. Rd1 Bc7 1/2-1/2

[Event "CRO-Cup"]
[Site "?"]
[Date "1996.??.??"]
[Round "?"]
[White "Kutuzovic Branko"]
[Black "Drcelic Josip"]
[Result "1-0"]
[WhiteElo "2405"]
[BlackElo "2350"]
[PlyCount "77"]
[EventDate "1996.??.??"]
[Source "www.chesslib.no"]
[SourceDate "2004.05.04"]

1. e4 e5 2. Nf3 Nc6 3. Bb5 a6 4. Ba4 Nf6 5. d4 exd4 6. O-O b5 7. Bb3 Be7 8. e5 Ng4 9. Bd5 Rb8 10. Re1 Nb4 11. Nxd4 Nxd5 12. Qxg4 g6 13. Qg3 Bb7 14. Bh6 c5 15. Nf3 Nc7 16. Nc3 Ne6 17. Rad1 Bf8 18. Bg5 Be7 19. Bh6 Bf8 20. Bxf8 Nxf8 21. Ng5 Ne6 22. Nge4 Bc6 23. Qe3 h5 24. Nd5 Kf8 25. Nxc5 Kg7 26. Nxe6+ dxe6 27. Nf6 Qb6 28. Qg5 Qc5 29. Rd6 Rbc8 30. Red1 b4 31. R1d2 a5 32. h4 a4 33. b3 Ra8 34. Nd7 Bxd7 35. Qf6+ Kh6 36. Rxd7 Rhf8 37. Rxf7 Rxf7 38. Qxf7 axb3 39. Rd7 1-0

[Event "1st Misr Closed"]
[Site "Cairo"]
[Date "2003.09.07"]
[Round "8"]
[White "Ahmed, Esam Aly"]
[Black "Amin, Bassem"]
[Result "1/2-1/2"]
[WhiteElo "2403"]
[BlackElo "2342"]
[PlyCount "120"]
[EventDate "2003.09.01"]
[Source "Roberto Alvarez"]
[SourceDate "2003.09.15"]

1. e4 e5 2. Nf3 Nc6 3. Bb5 a6 4. Ba4 Nf6 5. d4 Nxe4 6. Qe2 b5 7. d5 Nf6 8. dxc6 bxa4 9. Nxe5 Qe7 10. cxd7+ Nxd7 11. Bf4 f6 12. Nc4 Qxe2+ 13. Kxe2 Bb7 14. Nc3 a3 15. bxa3 O-O-O 16. Rhd1 Bxg2 17. Ne3 Bb7 18. Ncd5 c6 19. Nc7 g5 20. Bg3 Bxa3 21. Rd3 Bb2 22. Rb1 Ne5 23. Rxb2 Kxc7 24. Nc4 Rd5 25. Nxe5 Re8 26. c4 Rxd3 27. Kxd3 fxe5 28. c5 Rd8+ 29. Ke4 Rd5 30. Bxe5+ Kc8 31. Bd6 a5 32. Rb3 Ba6 33. Rb8+ Kd7 34. Ra8 Bd3+ 35. Ke3 Bc4 36. Rxa5 Rd3+ 37. Ke4 Rd2 38. Ra7+ Ke6 39. Rxh7 Bd5+ 40. Ke3 Rxa2 41. Rh5 Ra3+ 42. Kd4 Kf6 43. Be5+ Kg6 44. Rh8 Ra4+ 45. Kd3 Ra3+ 46. Bc3 Ra2 47. Rf8 g4 48. Ke3 Ra3 49. Kd4 Ra4+ 50. Ke5 Ra3 51. Rf6+ Kh7 52. Bd4 Rh3 53. Kf4 Rxh2 54. Kg5 Kg8 55. Kxg4 Rh7 56. Rd6 Re7 57. Kf5 Be4+ 58. Kg5 Rf7 59. Bf6 Ra7 60. f4 Ra2 1/2-1/2

[Event "Ambassador op"]
[Site "Bern"]
[Date "1997.12.??"]
[Round "3"]
[White "Djuric, Stefan"]
[Black "Meyer, Bernhard"]
[Result "1-0"]
[WhiteElo "2545"]
[BlackElo "2198"]
[PlyCount "35"]
[EventDate "1997.12.??"]
[Source "www.chesslib.no"]
[SourceDate "2004.05.04"]

1. e4 e5 2. Nf3 Nc6 3. Bb5 a6 4. Ba4 Nf6 5. d4 b5 6. Bb3 exd4 7. e5 Ne4 8. Bd5 Nc5 9. Nxd4 Bb7 10. O-O Nxd4 11. Bxb7 Nxb7 12. Qxd4 Nc5 13. Qg4 Ne6 14. Be3 Be7 15. f4 d5 16. f5 h5 17. Qe2 d4 18. fxe6 1-0

[Event "3rd Asean IM"]
[Site "Bangkok"]
[Date "2004.06.24"]
[Round "5"]
[White "Nay Oo Kyaw Tun"]
[Black "Cain, Celestino"]
[Result "1/2-1/2"]
[WhiteElo "2431"]
[BlackElo "2310"]
[PlyCount "165"]
[EventDate "2004.06.22"]
[Source "Roberto Alvarez"]
[SourceDate "2004.07.05"]

1. e4 e5 2. Nf3 Nc6 3. Bb5 a6 4. Ba4 Nf6 5. d4 exd4 6. e5 Ne4 7. O-O Nc5 8. Bxc6 dxc6 9. Qxd4 Bf5 10. Bg5 Qc8 11. Qc4 Qe6 12. Qxe6+ Nxe6 13. c3 Nxg5 14. Nxg5 Rd8 15. Nf3 Be7 16. Nbd2 c5 17. Rfe1 O-O 18. h3 h6 19. Ne4 Rd3 20. Ng3 Be6 21. Ne2 g5 22. Nc1 Rd7 23. Nb3 b6 24. Rad1 Rfd8 25. Rxd7 Rxd7 26. Re2 Rd1+ 27. Re1 Rd8 28. Re2 a5 29. Kh2 Kg7 30. Rd2 Ra8 31. Nc1 b5 32. a3 h5 33. Ne2 Kg6 34. Ng3 g4 35. hxg4 hxg4 36. Ne1 Bg5 37. Rd1 c4 38. Ne2 Rh8+ 39. Kg1 c5 40. Ng3 Bf4 41. Ne4 Bh2+ 42. Kf1 Bxe5 43. Nxc5 Bf5 44. Nd7 Bc7 45. Rd4 Rd8 46. Ne5+ Kh5 47. Rxd8 Bxd8 48. Ke2 Bc7 49. Nc6 Kg5 50. Nd4 Bd7 51. Nec2 a4 52. Ne3 Be5 53. g3 f5 54. f4+ gxf3+ 55. Nxf3+ Kf6 56. Nd5+ Ke6 57. Nf4+ Kd6 58. Nxe5 Kxe5 59. Ke3 Bc6 60. Ne2 Be8 61. Nd4 Kf6 62. Kf4 Bd7 63. Nc2 Bc8 64. Ne3 Be6 65. Ng2 Bc8 66. Nh4 Be6 67. Nf3 Bc8 68. Ke3 Bd7 69. Kd4 Bc6 70. Ne5 Bh1 71. Nd7+ Kg5 72. Ne5 Kf6 73. Nd7+ Kg5 74. Ke3 Kg4 75. Kf2 f4 76. gxf4 Kxf4 77. Ke2 Bc6 78. Nc5 Bf3+ 79. Kd2 Bg4 80. Na6 Ke4 81. Nc7 Bd7 82. Na6 Bc6 83. Nb4 1/2-1/2

[Event "Calcutta"]
[Site "Calcutta"]
[Date "1992.??.??"]
[Round "3"]
[White "Thipsay, Praveen Mahadeo"]
[Black "Tan Chin Hoe"]
[Result "1-0"]
[WhiteElo "2485"]
[BlackElo "2250"]
[PlyCount "109"]
[EventDate "1992.01.??"]
[Source "ChessBase"]

1. e4 e5 2. Nf3 Nc6 3. Bb5 a6 4. Ba4 Nf6 5. d4 exd4 6. O-O b5 7. Bb3 Be7 8. Re1 O-O 9. e5 Ne8 10. Bd5 Rb8 11. Bxc6 dxc6 12. Nxd4 Rb6 13. Be3 c5 14. Nb3 Qxd1 15. Rxd1 Re6 16. f4 f6 17. Nxc5 Rc6 18. b4 fxe5 19. fxe5 Rf5 20. Bd4 g6 21. Nc3 Bxc5 22. Bxc5 Rxe5 23. Rd8 Bf5 24. Rf1 h5 25. Nd5 Kf7 26. Rd7+ Ke6 27. Re7+ Kxd5 28. Rd1+ Kc4 29. Rxe5 Ng7 30. Rd4+ Kc3 31. Re3+ Kxc2 32. Re2+ Kc3 33. Rf4 Re6 34. Rf3+ Bd3 35. Ree3 Rxe3 36. Rxe3 c6 37. Re7 Nf5 38. Ra7 Be4 39. g3 Nd4 40. Bxd4+ Kxd4 41. Rxa6 Ke3 42. a3 g5 43. Ra7 Kf3 44. Rf7+ Kg4 45. Re7 Bd5 46. Re5 h4 47. a4 bxa4 48. b5 a3 49. b6 a2 50. Re1 c5 51. Ra1 Kf5 52. Rxa2 Ke6 53. Rc2 hxg3 54. hxg3 Kd6 55. Rd2 1-0

[Event "Los Angeles USA"]
[Site "?"]
[Date "2005.05.28"]
[Round "8"]
[White "Wegerle Joerg"]
[Black "Auer Martin"]
[Result "1-0"]
[WhiteElo "2395"]
[BlackElo "2338"]
[PlyCount "91"]
[EventDate "2005.??.??"]
[Source "www.chesslib.no"]
[SourceDate "2004.05.04"]

1. e4 e5 2. Nf3 Nc6 3. Bb5 Nf6 4. d3 d6 5. c3 a6 6. Ba4 Be7 7. Nbd2 O-O 8. Nf1 h6 9. Ng3 Re8 10. O-O Bf8 11. Re1 g6 12. h3 Bg7 13. a3 b5 14. Bb3 Qd7 15. Ba2 Bb7 16. b4 Nd8 17. Qc2 c5 18. Be3 Rc8 19. bxc5 dxc5 20. a4 Qe7 21. Nd2 Ne6 22. axb5 axb5 23. Bxe6 Qxe6 24. c4 Ba6 25. Ra5 bxc4 26. dxc4 Bf8 27. Rea1 Rc6 28. Ne2 Nh5 29. Qa2 Bc8 30. Nc3 g5 31. Nd5 g4 32. g3 gxh3 33. Kh2 Qg6 34. Rg1 Nf6 35. f3 Nh7 36. g4 Ng5 37. Qb1 Ne6 38. Qf1 Nd4 39. Qxh3 Be6 40. Qh4 Bxd5 41. cxd5 Rf6 42. g5 Nxf3+ 43. Nxf3 Rxf3 44. gxh6 Rxe3 45. Rxg6+ fxg6 46. Qg5 1-0

[Event "Ljubljana Open"]
[Site "Ljubljana"]
[Date "1995.??.??"]
[Round "2"]
[White "Coklin, Marko"]
[Black "Mikhalchishin, Adrian B"]
[Result "0-1"]
[WhiteElo "2230"]
[BlackElo "2500"]
[PlyCount "38"]
[EventDate "1995.06.??"]
[Source "www.chesslib.no"]
[SourceDate "2004.05.04"]

1. e4 e5 2. Nf3 Nc6 3. Bb5 a6 4. Ba4 Nf6 5. d4 Nxd4 6. Nxd4 exd4 7. e5 Ne4 8. O-O b5 9. Qxd4 Bb7 10. Bb3 c5 11. Bxf7+ Kxf7 12. Qe3 c4 13. Re1 Kg8 14. Qf4 Nc5 15. Nc3 Ne6 16. Qg3 Qe8 17. f4 Nd4 18. Qf2 Qg6 19. Kh1 Nxc2 0-1

[Event "New Delhi"]
[Site "Delhi"]
[Date "1987.??.??"]
[Round "?"]
[White "Sahu, Sekhar Chandra"]
[Black "Hegde, Ravi Gopal"]
[Result "1/2-1/2"]
[WhiteElo "2380"]
[BlackElo "2345"]
[PlyCount "66"]
[EventDate "1987.11.??"]
[Source "www.chesslib.no"]
[SourceDate "2004.05.04"]

1. e4 e5 2. Nf3 Nc6 3. Bb5 a6 4. Ba4 Nf6 5. c3 Nxe4 6. Qe2 Nc5 7. Nd4 Ne6 8. Nf3 Nc5 9. Bxc6 dxc6 10. d4 Ne6 11. dxe5 Nc5 12. O-O Qd3 13. Re1 Qxe2 14. Rxe2 Nd3 15. Nbd2 c5 16. Ne4 Be6 17. Bg5 h6 18. Bh4 Be7 19. Bxe7 Kxe7 20. Ne1 Nf4 21. Re3 b6 22. g3 Nd5 23. Re2 Rhd8 24. f3 Rd7 25. Rd1 Rad8 26. Kf2 Bf5 27. Ng2 Kf8 28. Rde1 Ne7 29. g4 Be6 30. b3 c4 31. Nf4 cxb3 32. Nxe6+ fxe6 33. axb3 Ng6 1/2-1/2

[Event "Buenos Aires"]
[Site "Buenos Aires ARG"]
[Date "1988.??.??"]
[Round "?"]
[White "Szmetan, Jorge"]
[Black "Valiente, Cristobal"]
[Result "1-0"]
[WhiteElo "2405"]
[BlackElo "2320"]
[PlyCount "69"]
[EventDate "1988.04.??"]
[Source "www.chesslib.no"]
[SourceDate "2004.05.04"]

1. e4 e5 2. Nf3 Nc6 3. Bb5 a6 4. Ba4 Nf6 5. d4 Nxd4 6. Nxd4 exd4 7. e5 Ne4 8. Qxd4 Nc5 9. Nc3 Be7 10. Qg4 Kf8 11. Qg3 d5 12. O-O h5 13. h3 c6 14. Bb3 Bf5 15. Ne2 h4 16. Qf4 Qd7 17. Nd4 Rh5 18. c3 Nxb3 19. axb3 c5 20. Nxf5 Rxf5 21. Qg4 g6 22. Re1 Kg7 23. Be3 Qe6 24. f4 Rd8 25. Rad1 a5 26. Bf2 Rh5 27. Qf3 Rhh8 28. Re2 Rd7 29. Red2 Rhd8 30. Qe2 Qb6 31. Qe1 Qxb3 32. Bxh4 Bxh4 33. Qxh4 d4 34. f5 dxc3 35. f6+ 1-0

[Event "It (open)"]
[Site "Gent (Belgium)"]
[Date "2007.07.16"]
[Round "5"]
[White "Tonoli Benjamin (BEL)"]
[Black "Vajda Levente (ROM)"]
[Result "1/2-1/2"]
[WhiteElo "2176"]
[BlackElo "2547"]
[PlyCount "133"]
[EventDate "2007.??.??"]
[Source "www.chesslib.no"]
[SourceDate "2004.05.04"]

1. e4 e5 2. Nf3 Nc6 3. Bb5 a6 4. Ba4 Nf6 5. d4 Nxd4 6. Nxd4 exd4 7. e5 Ne4 8. Qxd4 Nc5 9. O-O Be7 10. Nc3 O-O 11. Nd5 b5 12. Bb3 Bb7 13. Be3 Nxb3 14. axb3 f6 15. Bf4 fxe5 16. Bxe5 Bxd5 17. Qxd5+ Rf7 18. Bxc7 Qf8 19. Bb6 Qc8 20. c3 b4 21. Bd4 Qc6 22. Qxc6 dxc6 23. Ra5 Bf6 24. Bxf6 Rxf6 25. g3 Rd6 26. Rfa1 Rd2 27. Rxa6 Rxa6 28. Rxa6 Rxb2 29. cxb4 Rxb3 30. Rxc6 Rxb4 31. Rc7 h5 32. h3 Kh7 33. Kg2 Kg6 34. Rc6+ Kf7 35. Rc7+ Kf6 36. Rc6+ Kf7 37. Rd6 Rb3 38. Rd5 g6 39. Re5 Kf6 40. Re3 Rb2 41. Kf3 Ra2 42. Rb3 Rc2 43. Rb6+ Kf7 44. Ke3 Ra2 45. f3 Rh2 46. h4 Ra2 47. Rd6 Ra5 48. Ke4 Rb5 49. Rd5 Rb6 50. Ke5 Re6+ 51. Kf4 Kf6 52. g4 hxg4 53. fxg4 Ra6 54. g5+ Ke6 55. Re5+ Kf7 56. Rb5 Ke6 57. Rb4 Rc6 58. Re4+ Kf7 59. Ke5 Re6+ 60. Kd5 Ra6 61. Rf4+ Kg7 62. Rc4 Ra1 63. Rc7+ Kg8 64. Rc6 Kg7 65. Rc7+ Kg8 66. Ke6 Rf1 67. Rc8+ 1/2-1/2